| 000 | 00845nam a22001337a 4500 | ||
|---|---|---|---|
| 040 | _cRUA | ||
| 082 | _aAGR VAN 2015 B475 Or.1 | ||
| 100 | _aVANG SOPHEN; វង់ សុភេន | ||
| 245 | _aEffect of biochars and bio-slurries in different levels on cucumber (Cucumis sativus l.) in farmer field condition in tramkok district, takeo province; ប្រសិទ្ធភាពនៃធ្យុងអង្កាម និងកាកសំណល់ឡជីវឧស្ម័នក្នុងកម្រិតផ្សេងៗគ្នាទៅលើដំណាំត្រសក់ ក្នុងលក្ខខណ្ឌស្រែកសិករ ស្រុកត្រាំកក់ ខេត្តតាកេវ | ||
| 260 |
_aPhnom Penh _bRUA _c2015 |
||
| 300 |
_axii;57p. _bill. _c29cm. |
||
| 856 | _uVANG SOPHEN | ||
| 942 | _cAGR | ||
| 999 |
_c8083 _d8083 |
||